| 000 | 00458nam a2200181Ia 4500 | ||
|---|---|---|---|
| 005 | 20250603145213.0 | ||
| 008 | 250603s9999 xx 000 0 und d | ||
| 020 | _a9780128009697 | ||
| 050 | _aQH 506 .D45/ | ||
| 100 | _aDelong K. Robert | ||
| 245 | 0 | _aIntroductory experiments on biomolecules and their interactions | |
| 260 | _aAmsterdam | ||
| 260 | _b Academic Press. | ||
| 260 | _c2015 | ||
| 300 | _a94 p | ||
| 650 | _aAmsterdam | ||
| 942 | _cBK | ||
| 999 |
_c41174 _d41174 |
||